LEADER 01180cam0-22003971i-450- 001 990006808680403321 005 20120622124341.0 010 $a88-420-4585-3 035 $a000680868 035 $aFED01000680868 035 $a(Aleph)000680868FED01 035 $a000680868 100 $a20010426d1995----km-y0itay50------ba 101 1 $aita 102 $aIT 105 $ay-------001yy 200 1 $aGramsci in Europa e in America$f[introduzione di] Eric J. Hobsbawm$gcon scritti di Joseph Buttigieg ... [et al.]$ga cura di Antonio A. Santucci 210 $aRoma ; Bari$cLaterza$d1995 215 $aXIV, 162 p.$d21 cm 225 1 $aSagittari Laterza$v88 610 0 $aGramsci, Antonio 676 $a335.4092 702 1$aHobsbawm,$bEric John$f<1917-2012> 702 1$aButtigieg,$bJoseph 702 1$aSantucci,$bAntonio A. 801 0$aIT$bUNINA$gRICA$2UNIMARC 901 $aBK 912 $a990006808680403321 952 $aCOLLEZ. 1111 (88)$b25026$fFSPBC 952 $aVI 370$b968$fDDCIC 952 $aSE 108.05.09-$b4508$fDECSE 959 $aFSPBC 959 $aDDCIC 959 $aDECSE 996 $aGramsci in Europa e in America$9633457 997 $aUNINA LEADER 01374nam--2200409---450- 001 990000468980203316 005 20100719131917.0 010 $a88-14-05000-7 035 $a0046898 035 $aUSA010046898 035 $a(ALEPH)000046898USA01 035 $a0046898 100 $a20010525d1994----km-y0itay0103----ba 101 $aita 102 $aIT 105 $a||||||||001yy 200 1 $a<> economia delle imprese di ristorazione collettiva$fValter Cantino 210 $aMilano$cA. Giuffrè$d1994 215 $aXI, 374 p.$d24 cm 225 2 $aUniversita degli studi d Torino, Istituto di ragoneria ed economia azendale$hSer. 2$v19 410 $12001$aUniversita degli studi d Torino, Istituto di ragoneria ed economia azendale$hSer. 2$v19 461 1$1001-------$12001 606 0 $aMensa 606 0 $aAlimentazione$xIgiene 676 $a642 700 1$aCANTINO,$bValter$0116246 801 0$aIT$bsalbc$gISBD 912 $a990000468980203316 951 $aXXX.B. Coll. 111/ 6 (X 24 XXI 19)$b6603 G$cXXX.B. Coll. 111/ 6 (X 24 XXI)$d00273964 959 $aBK 969 $aECO 979 $aPATTY$b90$c20010525$lUSA01$h1023 979 $c20020403$lUSA01$h1655 979 $aPATRY$b90$c20040406$lUSA01$h1632 979 $aRSIAV4$b90$c20100719$lUSA01$h1319 996 $aEconomia delle imprese di ristorazione collettiva$9418411 997 $aUNISA LEADER 00975nam0-22003131i-450 001 990001645410403321 005 20190529131318.0 035 $a000164541 035 $aFED01000164541 035 $a(Aleph)000164541FED01 035 $a000164541 100 $a20030910d1976----km-y0itay50------ba 101 0 $aita 200 1 $aSovrapposizione di danni da composti di fluoro a danni da grandine in un vigneto dell' Emilia$fGiuseppe Fogliani 210 $aPiacenza$c...$d1976 215 $a5 p.$d30 cm 300 $aEstr. da: L'Informatore agrario, n.35,1976. 610 0 $aFitopatologia 610 0 $aVigneti 676 $a581.2 676 $a634.8 700 1$aFogliani,$bGiuseppe$070755 801 0$aIT$bUNINA$gRICA$2UNIMARC 901 $aLG 912 $a990001645410403321 952 $a60 OP. 102/33$b45618$fFAGBC 959 $aFAGBC 996 $aSovrapposizione di danni da composti di fluoro a danni da grandine in un vigneto dell' Emilia$9372075 997 $aUNINA